Đang tải...

Capital and growth /

Chi tiết về thư mục
Tác giả chính: Hicks, John
Định dạng: Printed Book
Ngôn ngữ:English
Được phát hành: London: Oxford, 1965.
Những chủ đề:
LEADER 00555 a2200157 4500
008 100208b ||||| |||| 00| 0 eng d
082 |a 330.1 
100 |a Hicks, John. 
245 |a Capital and growth / 
260 |b Oxford,  |a London:  |c 1965. 
500 |a Gift 
650 |a Capital 
650 |a Economics, Mathematical 
942 |c BK 
999 |c 317868  |d 317868 
952 |0 0  |1 0  |2 ddc  |4 0  |6 330_100000000000000_HIC_C  |7 0  |9 363989  |a ECN  |b ECN  |c GEN  |d 2010-09-07  |e Books from Calicut University Library  |g 0.00  |i 8379  |l 1  |m 1  |o 330.1 HIC/C  |p ECN8379  |r 2020-02-11  |s 2019-11-14  |w 2010-09-07  |y BK